<?xml version="1.0" encoding="UTF-8"?>
<record
    xmlns:xsi="http://www.w3.org/2001/XMLSchema-instance"
    xsi:schemaLocation="http://www.loc.gov/MARC21/slim http://www.loc.gov/standards/marcxml/schema/MARC21slim.xsd"
    xmlns="http://www.loc.gov/MARC21/slim">

  <leader>00925nas a22001937i 4500</leader>
  <controlfield tag="001">6222</controlfield>
  <controlfield tag="003">OSt</controlfield>
  <controlfield tag="005">20170216211006.0</controlfield>
  <controlfield tag="007">tu</controlfield>
  <controlfield tag="008">161220s        xxu||||| |||| 00| 0     d</controlfield>
  <datafield tag="024" ind1="7" ind2=" ">
    <subfield code="a">6222</subfield>
    <subfield code="2">RID</subfield>
  </datafield>
  <datafield tag="024" ind1="7" ind2=" ">
    <subfield code="a">6222</subfield>
    <subfield code="2">RSN (alt)</subfield>
  </datafield>
  <datafield tag="040" ind1=" " ind2=" ">
    <subfield code="c">OSt</subfield>
  </datafield>
  <datafield tag="245" ind1="0" ind2="0">
    <subfield code="a">KIEP Working Paper</subfield>
  </datafield>
  <datafield tag="260" ind1=" " ind2=" ">
    <subfield code="a">Seoul :</subfield>
    <subfield code="b">KIEP.</subfield>
  </datafield>
  <datafield tag="110" ind1="2" ind2=" ">
    <subfield code="a">Korea Institute For International Economic Policy</subfield>
  </datafield>
  <datafield tag="866" ind1=" " ind2="0">
    <subfield code="u">einzelne Hefte vorhanden, nicht katalogisiert</subfield>
  </datafield>
  <datafield tag="866" ind1=" " ind2="0">
    <subfield code="u">Einzeltitel der Serie nicht erfasst&lt;br&gt;&lt;br&gt;letztes Heft: 2004/3&lt;br&gt;&lt;br&gt;Best&#xE4;nde unvollst&#xE4;ndig&lt;br&gt;&lt;br&gt;vorhanden&lt;br&gt;1999/9, 1999/19-23, 1999/25-26, 1999/28, 1999/30-32, 1999/34&lt;br&gt;2000/1-2, 2000/5-6, 2000/8-13&lt;br&gt;2001/1-5&lt;br&gt;2002/1-13, 2002/15-16, 2002/18&lt;br&gt;2003/1-5, 2003/7-12&lt;br&gt;2004/1-&lt;br&gt;&lt;br&gt;fehlende Best&#xE4;nde:&lt;br&gt;1999/1-8, 1999/10-18, 1999/24/, 1999/27, 1999/29, 1999/33&lt;br&gt;2000/3-4, 2000/7&lt;br&gt;2002/14, 2002/17&lt;br&gt;2003/6&lt;br&gt;&lt;br&gt;&lt;br&gt;2004/12 bei Julia W&#xF6;rz</subfield>
  </datafield>
  <datafield tag="942" ind1=" " ind2=" ">
    <subfield code="c">P</subfield>
  </datafield>
  <datafield tag="999" ind1=" " ind2=" ">
    <subfield code="c">5844</subfield>
    <subfield code="d">5844</subfield>
  </datafield>
</record>
